| 000 | 02698nam0a2200361 4500 | ||
|---|---|---|---|
| 001 | RU\NLR\BIBL_A\022684245 | ||
| 005 | 20260204104150.0 | ||
| 010 | _a978-5-86002-246-1 | ||
| 021 |
_aRU _bКН-П-25-066091 _9КН-П-25-6397 |
||
| 035 | _a(NLR Aleph) 022684245 | ||
| 090 |
_a13544255 _c13544255 |
||
| 100 | _a20251210d2019 u y0rusy50 ca | ||
| 101 | 0 | _arus | |
| 102 | _aRU | ||
| 105 | _ay z 000zy | ||
| 181 | 0 |
_ai4 _baxxe |
|
| 182 | 0 | _an | |
| 200 | 1 |
_aПорядок оказания медицинской помощи лицам, зависимым от психоактивных веществ, находящимся на социальной реабилитации в негосударственных организациях _eметодические рекомендации _fФГБУ "Национальный медицинский исследовательский центр психиатрии и наркологии имени В. П. Сербского" Министерства здравоохранения Российской Федерации _gразработаны доктором медицинских наук, профессором Т. В. Клименко [и др.] |
|
| 203 |
_aТекст _bвизуальный _cнепосредственный |
||
| 210 |
_aМосква _cФедеральное государственное бюджетное учреждение "Национальный медицинский исследовательский центр психиатрии и наркологии имени В. П. Сербского" Министерства здравоохранения Российской Федерации _d2019 |
||
| 215 |
_a36 с. _d21 |
||
| 225 | 1 |
_aПсихиатрия и наркология _v184 |
|
| 300 | _aНа обл. и в макете авт.: Т. В. Клименко, Т. Н. Дудко, Б. П. Целинский | ||
| 320 | _aБиблиогр. в подстроч. примеч. | ||
| 606 | 1 |
_aНаркологическая помощь _jМетодические пособия _xОрганизация _92299092 _3RU\NLR\AUTH\661376563 |
|
| 686 | 1 | _aР11(2)286.18я8 | |
| 702 | 1 |
_aКлименко _bТ. В. _gТатьяна Валентиновна _4220 |
|
| 712 | 0 | 2 |
_4475 _aНациональный медицинский исследовательский центр психиатрии и наркологии им. В. П. Сербского _cМосква _9580352 _3RU\NLR\AUTH\880458683 |
| 942 | _cBOOK | ||
| 980 | _aNB | ||